000 00497nam a22001937a 4500
005 20260515114952.0
008 230907b ||||| |||| 00| 0 eng d
020 _a9789389491746
040 _aIN-DiNC
_cIN-DiNC
041 _deng
082 _a954
_bSEN
100 _aSen, Sanjay
_eauthor
245 _aUnderstanding India (VAC1)/
_cby Sanjay Sen
250 _a1st ed.
260 _aGuwahati:
_bAshok publications,
_c2023.
300 _a348p.
650 _aHistory of India
942 _2ddc
_cBK
999 _c11607
_d11607